000 00510nam a2200193Ia 4500
999 _c21794
_d21794
003 OSt
005 20200629122003.0
008 190216s9999||||xx |||||||||||||| ||und||
020 _a9788120804364
040 _coclc
082 _a934
_bMAJ/A
100 _aMajumdar, R C
_93013
245 0 _aAncient India /
_cR C Majumdar
250 _a8th Ed.
260 _bMotilal Banarsidass,
_c2013.
_aDelhi:
300 _a548p
650 _aHistory
942 _cBK
_2ddc
_h934
_iMAJ/A
_k934
_mMAJ/A